000 00605nam a2200205 4500
003 SEACOMMC
005 20251017161112.0
008 230930b |||||||| |||| 00| 0 eng d
020 _a9780071077538
040 _aSEACOMMC
082 _a621.3
_bC435
100 _aChakrabarty, Abhijit,
245 _aBasic Electrical and Electronics Engineering - II (Wbut -ES 201)
_cAbhijt Chakraborty, Sudipta Nath, and Soumitra K Mondal
250 _a2nd Edition
260 _aNew Delhi
_bTMH
_c2012
650 _aElectrical and Electronics
700 _aMondal, Soumitra K
700 _aNath, Sudipta
942 _cGBK
999 _c15
_d15